Numerical techniques in electromagnetics with MATLAB® / (Record no. 20308)

MARC details
000 -LEADER
fixed length control field 01204cam a22003375i 4500
001 - CONTROL NUMBER
control field 15667862
003 - CONTROL NUMBER IDENTIFIER
control field EG-ScBUE
005 - DATE AND TIME OF LATEST TRANSACTION
control field 20250629101452.0
008 - FIXED-LENGTH DATA ELEMENTS--GENERAL INFORMATION
fixed length control field 090320t2009 flua f b 001 0 eng d
020 ## - INTERNATIONAL STANDARD BOOK NUMBER
International Standard Book Number 9781420063097
020 ## - INTERNATIONAL STANDARD BOOK NUMBER
International Standard Book Number 142006309X
040 ## - CATALOGING SOURCE
Original cataloging agency EG-ScBUE
Language of cataloging eng
Description conventions rda
Transcribing agency EG-ScBUE
Modifying agency EG-ScBUE
082 04 - DEWEY DECIMAL CLASSIFICATION NUMBER
Classification number 537.01515
Edition number 22
Item number SAD
100 1# - MAIN ENTRY--PERSONAL NAME
Personal name Sadiku, Matthew N. O.,
Relator term author.
9 (RLIN) 34246
245 10 - TITLE STATEMENT
Title Numerical techniques in electromagnetics with MATLAB® /
Statement of responsibility, etc Matthew N. O. Sadiku, Prairie View A&M University, Texas, U.S.A.
250 ## - EDITION STATEMENT
Edition statement Third edition.
264 #1 - PUBLICATION, DISTRIBUTION, ETC. (IMPRINT)
Place of publication, distribution, etc Boca Raton :
Name of publisher, distributor, etc CRC Press / Taylor & Francis Group,
Date of publication, distribution, etc [2009]
264 #4 - PUBLICATION, DISTRIBUTION, ETC. (IMPRINT)
Date of publication, distribution, etc c2009
300 ## - PHYSICAL DESCRIPTION
Extent xvii, 710 pages :
Other physical details illustrations ;
Dimensions 25 cm
336 ## - CONTENT TYPE
Source rdacontent
Content type term text
Content type code txt
337 ## - MEDIA TYPE
Source rdamedia
Media type term unmediated
Media type code n
338 ## - CARRIER TYPE
Source rdacarrier
Carrier type term volume
Carrier type code nc
500 ## - GENERAL NOTE
General note Rev. ed. of: Numerical techniques in electromagnetics. 2nd. ed. 2000.
504 ## - BIBLIOGRAPHY, ETC. NOTE
Bibliography, etc Includes bibliographical references and index.<br/>
630 07 - SUBJECT ADDED ENTRY--UNIFORM TITLE
Uniform title MATLAB.
9 (RLIN) 826
Source of heading or term BUEsh
650 #7 - SUBJECT ADDED ENTRY--TOPICAL TERM
Topical term or geographic name as entry element Electromagnetism.
Source of heading or term BUEsh
9 (RLIN) 1928
650 #7 - SUBJECT ADDED ENTRY--TOPICAL TERM
Topical term or geographic name as entry element Numerical analysis.
Source of heading or term BUEsh
9 (RLIN) 465
653 ## - INDEX TERM--UNCONTROLLED
Resource For college Engineering, General
Arrived date list July2015
-- January2016
655 ## - INDEX TERM--GENRE/FORM
Form subdivision Reading book
942 ## - ADDED ENTRY ELEMENTS (KOHA)
Source of classification or shelving scheme Dewey Decimal Classification
Koha item type Book - Borrowing
Holdings
Withdrawn status Lost status Source of classification or shelving scheme Damaged status Not for loan Collection code Home library Current library Shelving location Date acquired Source of acquisition Cost, normal purchase price Serial Enumeration / chronology Total Checkouts Full call number Barcode Date last seen Cost, replacement price Koha item type
    Dewey Decimal Classification     Baccah Central Library Central Library First floor 08/07/2015 Purchase 880.00 21782   537.01515 SAD 000039469 15/07/2025 1100.00 Book - Borrowing